000 00187 a2200097 4500
001 6702
100 _aHoo
245 _aHome of the Hero's
260 _a
_bThames
_c
090 _c5555
_d5555
942 _aNUST-CAE
_cM
_c31995
999 _c241775
_d241775